000 00404nam a2200133 i 4500
001 61249
003 ES-MaACL
007 t|
008 031111s1975 sp ||||1| spa d
245 0 0 _aCincuentenario del Estatuto Municipal
_b: estudios conmemorativos.
260 _aMadrid :
_bInstituto de Estudio de Administración Local,
_c1975.
300 _a731 p. ;
_c24 cm.
852 _aES-MaACL
_jE-8140
_bR.92533
999 _c61249
_d61249